000 00434nam a2200181Ia 4500
001 15784
005 20260306170221.0
008 260306t1998||||xx |||||||||||||| ||und||
041 _aESP
082 _a620.0072
_bM63
100 _aMiranda, Luis Felipe,
_eAUT
245 0 _aInvestigando en ingenierĂ­a
260 _c1998
300 _axvi, 328 páginas :
_c21 cm.
650 _aGEN
654 _aCII
942 _cLIB
_dJUS
_fJUS
_2ddc
_n
999 _c15784
_d15784